| 000 | 01018aam a2200313 4500 | ||
|---|---|---|---|
| 001 | 18498 | ||
| 003 | CO-MdFUSB | ||
| 005 | 20170505083854.0 | ||
| 008 | 170504t1993 sp ||||f |||| 00| 0 spa d | ||
| 020 | _a84-487-0142-9 | ||
| 040 |
_aCO-MdFUSB _bspa _cCO-MdFUSB _dCO-MdFUSBC _erda |
||
| 041 | _aeng | ||
| 082 | 0 | 4 |
_a24 _2R 109 _bG752g Vol. 2 |
| 100 | 1 |
_aJacques, Jean _eautor |
|
| 245 | 1 | 0 |
_aGrandes obras del pensamiento _b: El contrato social _c/ Jean Jacques Rousseau ; Maria José Villaverde |
| 264 | 1 |
_aBarcelona, España : _bAltaya, _c℗[1993] |
|
| 264 | 4 | _c©1993 | |
| 300 |
_a140 pág. _b: _c; |
||
| 336 |
_2rdacontent _a1 _ba1 |
||
| 337 |
_2rdamedia _a2 _b5 |
||
| 338 |
_2rdacarrier _a2 _b5 |
||
| 490 | _aGrandes Obras del Pensamiento | ||
| 500 | _aTítulo original: Do contrat social (1972) | ||
| 563 | _aPasta dura | ||
| 650 | 1 | 4 | _aCiencias política -- Contrato social -- Economía -- Civilización |
| 700 | 1 | _aVillaverde, Maria José ; traductora | |
| 942 | _cREF | ||
| 999 |
_c44924 _d44924 |
||